Loading...
| Beliefs | 8 | 17.50 | 3,150% | 375% | 150% |
| Current Events | 2 | 25.00 | 3,600% | 600% | 300% |
| Fine Arts - Auditory | 6 | 25.00 | 2,400% | 500% | 600% |
| Fine Arts - Other Arts | 1 | 20.00 | 3,600% | 600% | 0% |
| Fine Arts - Visual | 8 | 21.25 | 1,350% | 450% | 600% |
| Geography | 2 | 25.00 | 1,800% | 600% | 600% |
| History - American | 5 | 20.00 | 3,600% | 480% | 120% |
| History - European | 8 | 20.00 | 2,250% | 300% | 525% |
| History - World | 7 | 21.43 | 2,571% | 343% | 514% |
| Literature - American | 4 | 20.00 | 1,800% | 300% | 600% |
| Literature - British | 5 | 20.00 | 2,160% | 360% | 480% |
| Literature - European | 6 | 26.67 | 3,000% | 500% | 600% |
| Literature - World | 1 | 20.00 | 0% | 600% | 600% |
| Other Academic | 2 | 25.00 | 1,800% | 600% | 600% |
| Other Arts: Auditory | 4 | 17.50 | 2,700% | 450% | 150% |
| Other Arts: Visual | 2 | 20.00 | 1,800% | 300% | 600% |
| Other Science: Astronomy | 1 | 20.00 | 3,600% | 600% | 0% |
| Other Science: Earth Science | 2 | 20.00 | 1,800% | 600% | 300% |
| Other Science: Math | 2 | 20.00 | 1,800% | 600% | 300% |
| Philosophy | 7 | 25.71 | 3,086% | 514% | 514% |
| Science - Biology | 5 | 18.00 | 2,880% | 240% | 360% |
| Science - Chemistry | 5 | 20.00 | 2,160% | 360% | 480% |
| Science - Physics | 8 | 18.75 | 2,250% | 450% | 300% |
| Social Science | 9 | 18.89 | 1,600% | 333% | 533% |
| 11 | 20.91 | 2,618% | 491% | 327% |